000
00389nam a2200133Ia 4500
008
100328s9999 xx 000 0 und d
082
_b
32167
100
_a
आचार्य श्री रजनीश
245
_a
साधनापथ
260
_b
जीवन जागृती संघ
630
_a
साधनापथ
730
_a
साधनापथ
942
_c
BOOK
999
_c
522969
_d
522966